Sueños sonoros /

Texto con las partituras de 14 piezas del compositor chiapaneco Juan Carlos Bonifaz Ordóñez, acompañada cada una de un texto explicativo del propio músico.

Kaydedildi:
Detaylı Bibliyografya
Yazar: Bonifaz Ordóñez, Juan Carlos (música)
Materyal Türü: Kitap
Dil:İspanyolca
Baskı/Yayın Bilgisi: Tuxtla Gutiérrez, México : Universidad de Ciencias y Artes de Chiapas, 2009, c2009
Seri Bilgileri:(Boca del Cielo)
Konular:
Etiketler: Etiketle
Etiket eklenmemiş, İlk siz ekleyin!

MARC

LEADER 00000nam^a2200000^a^4500
001 000303724
005 20250521000000.0
008 100428 20092009
009 20260310112658.225
020 |a 978-607-7510-32-1 
037 |a Acervo ITESO - Biblioteca 
041 |a ESP 
082 |a 784. 08  |b BON JUA 
100 |a Bonifaz Ordóñez, Juan Carlos  |e (música) 
245 1 0 |a Sueños sonoros /  |c Música de J.C. Bonifaz Ordóñez. 
264 4 |a Tuxtla Gutiérrez, México :  |b Universidad de Ciencias y Artes de Chiapas,  |c 2009, c2009 
300 |a 201 p. 
336 |a texto  |b txt  |2 rdacontenido 
337 |a sin mediación  |b n  |2 rdamedio 
338 |a volumen  |b nc  |2 rdasoporte 
440 1 |a (Boca del Cielo) 
520 |a Texto con las partituras de 14 piezas del compositor chiapaneco Juan Carlos Bonifaz Ordóñez, acompañada cada una de un texto explicativo del propio músico. 
546 |a Edición bilingüe español-inglés 
649 |a XX 
650 |a Músicos Mexicanos 
650 |a Artistas Mexicanos 
650 |a Partituras -  |z México -  |x Tema Principal 
650 |a Instrumentos de Percusión -  |z México -  |x Partituras 
650 |a Instrumentos de Percusión -  |x Partituras 
650 |a Música Moderna -  |z México -  |x Partituras 
650 |a Música Moderna -  |x Partituras 
650 |a Música de Concierto -  |z México -  |x Partituras 
650 |a Música de Concierto -  |x Partituras 
650 |a Música Mexicana -  |x Partituras -  |x Tema Principal 
650 |a Música Mexicana -  |x Historia y Crítica 
910 |a Fondo General 
920 |a Impresos - Libros 
930 |a Reserva Especial 
905 |a 103 
901 |a 0500190307  |b IT1  |c REE  |i C124429  |u 20250521 
902 |a https://opac.biblio.iteso.mx/vufind/Record/000303724